000 00375nam a2200157Ia 4500
003 Ost
005 20260225132546.0
008 260225s9999||||xx |||||||||||||| ||und||
040 _cfsic
041 _afre
082 _a440
100 _aMichel Paradis
_eAuteur
245 0 _aReadings on Aphasia in bilinguals and polyglots /
245 0 _cMichel Paradis
942 _cكتاب
999 _c33832
_d33832